000 00892nam a2200265 i 4500
001 31263
003 ES-MaACL
005 20230906154340.0
007 t|
008 030128s1986 fr |||| | fre d
020 _a2-7116-0927-8
100 1 _aBeaufret, Jean.
_926814
245 1 0 _aDe l'existencialisme áa Heidegger
_b: introduction aux philosophies de l'existence et autres textes /
_cJean Beaufret ; bibliographie complète établie par Guy Basset.
260 _aParís :
_bJ. Vrin,
_c1986.
300 _a182 p. ;
_c22 cm.
490 1 _aProblèmes et controverses
500 _aÍndice.
504 _aBibliografía.
600 1 4 _aHeidegger, Martin-
_xCrítica e interpretación.
_962339
650 0 4 _aExistencialismo.
_912679
700 1 _aBasset, Guy.
_926313
830 0 _aProblèmes et controverses
_9177513
852 _aES-MaACL
_jL-11545
_bR.113408
999 _c31263
_d31263